000 01346nam a2200181Ia 4500
008 220216s9999 xx 000 0 und d
100 _aWolfson S A
245 0 _aPolymer recycling
260 _bPolymer Science Series C
_c2000
300 _a42-54
500 _aSource Year: 2001
520 _aModern methods employed for recycling of used polymeric materials such as plastics, vulcanised rubbers (including tyres), and various polymer-containing composites are reviewed and the general trends in the development of these processes and their place in the technology, economics and ecology of the 21st century are analysed. Special attention is paid to principally new approaches to the problem of polymer recycling. High possibilities offered by the polymer pulverisation method based on the high-temperature shear extrusion process, known as the solid state shear pulvarisation technology, are demonstrated for recycling of used tyres, various polymer blends and polymer-based composites. Some factors affecting public opinion concerning utilisation of wastes are considered in relationship with the general problem of balance between the production, consumption and utilisation of used polymeric materials.
650 _aPolymer blends
650 _aPolymer recycling
650 _aPolymeric materials
856 _uRAPRA
942 _cJS
999 _c65261
_d65261